[Event "45th Olympiad 2024"]
[Site "Budapest HUN"]
[Date "2024.09.18"]
[Round "7.9"]
[Board "4"]
[White "Urkedal, Frode Olav Olsen"]
[Black "Baidetskyi, Valentin"]
[Result "1-0"]
[WhiteElo "2546"]
[BlackElo "2512"]
[PlyCount "83"]
[EventDate "2024.09.11"]
[WhiteTeam "Norway"]
[BlackTeam "Austria"]
[WhiteTeamCountry "NOR"]
[BlackTeamCountry "AUT"]

1. d4 Nf6 2. c4 e6 3. g3 d5 4. Bg2 Bb4+ 5. Nd2 O-O 6. Ngf3 b6 7. O-O Bb7 8. b3 Nbd7 9. Bb2 a5 ({RR} 9... Rc8 10. Rc1 Qe7 11. e3 c5 12. cxd5 Bxd5 13. Qe2 cxd4 14. Nxd4 Bxg2 15. Kxg2 Ne5 16. e4 Rfd8 17. Rxc8 Rxc8 18. f4 Ng6 19. Nc4 Qb7 20. a3 Bc5 21. Re1 b5 22. Nd2 a6 23. N2f3 Ne7 24. Qd3 {½-½ Radjabov,T (2753)-Ding,L (2806) Candidates Tournament 2022 (5)}) 10. Qc2 a4 $146 ({RR} 10... Rc8 11. Ne5 c6 12. Ndf3 Be7 13. Rfd1 c5 14. dxc5 Bxc5 15. Nxd7 Nxd7 16. Qd3 Nf6 17. cxd5 Bxd5 18. e3 h6 19. Ne5 Qe7 20. Qe2 Rfd8 21. Rac1 Qb7 22. Bxd5 Nxd5 23. a3 Be7 24. e4 Nf6 25. Rxd8+ {0-1 Sukiasyan,V (2175)-Quparadze,G (2494) 5th Yerevan Open A 2023 (1.10)}) ({RR} 10... Rc8 11. Ne5 c6 12. Rad1 Nxe5 13. dxe5 Nd7 14. e4 Qe7 15. h3 Rfd8 16. Kh2 Nc5 17. Bd4 Qc7 18. exd5 cxd5 19. f4 Bxd2 20. Qxd2 dxc4 21. bxc4 Bxg2 22. Qxg2 Na4 23. Ba1 Qxc4 24. Rd6 Rxd6 25. exd6 {0-1 Fernandez,D (2525)-Mardov,D (2484) 17th Paracin Open A 2024 (7.2)}) 11. bxa4 Ra7 12. cxd5 exd5 13. Rfc1 Bd6 14. Bc3 Re8 15. e3 Qe7 16. a5 b5 17. Nb3 Ne4 18. Bb2 c6 19. Ne1 h5 20. Nd3 h4 21. a3 hxg3 22. hxg3 Qg5 23. Re1 Re6 24. Ne5 Rh6 25. Nxd7 Bxg3 26. fxg3 Qxg3 27. Nbc5 Qh2+ 28. Kf1 Ng3+ 29. Kf2 Rg6 30. Qxg6 fxg6 31. Rh1 Nxh1+ 32. Rxh1 Qd6 33. Bh3 Kf7 34. Be6+ Ke7 35. Bc1 Kd8 36. Ne5 Kc7 37. Nf7 Qe7 38. e4 Rxa5 39. Bg5 Qe8 40. Bd8+ Kb8 41. Bxa5 Ka7 42. Rh8 1-0

[Event "45th Olympiad 2024"]
[Site "Budapest HUN"]
[Date "2024.09.18"]
[Round "7.10"]
[Board "1"]
[White "Deac, Bogdan-Daniel"]
[Black "Duda, Jan-Krzysztof"]
[Result "1-0"]
[WhiteElo "2680"]
[BlackElo "2732"]
[PlyCount "77"]
[EventDate "2024.09.11"]
[WhiteTeam "Romania"]
[BlackTeam "Poland"]
[WhiteTeamCountry "ROU"]
[BlackTeamCountry "POL"]

1. d4 d5 2. Nf3 Nf6 3. c4 dxc4 4. e3 e6 5. Bxc4 c5 6. O-O a6 7. Re1 Nc6 8. Nc3 b5 9. Bd3 Bb7 10. a4 cxd4 11. exd4 Be7 12. axb5 axb5 13. Rxa8 Bxa8 14. Bxb5 O-O 15. Be3 Nb4 16. Ne5 Nbd5 17. Bc6 Bxc6 $146 ({RR} 17... Nxe3 18. fxe3 Bd6 19. Bxa8 Qxa8 20. Nf3 Rb8 21. Qe2 Qb7 22. Rb1 h6 23. Nd1 Qe4 24. Rc1 Nd5 25. Qc2 Qg4 26. Nf2 Qh5 27. g4 Qg6 28. Qxg6 fxg6 29. Nd1 Rb3 30. Kf2 g5 31. h3 Kf7 32. Nd2 {1-0 Deac,B (2693)-Dardha,D (2651) Titled Tue 7th May Late 2024 (4)}) 18. Nxc6 Qb6 19. Nxd5 Nxd5 20. Nxe7+ Nxe7 21. d5 Qxb2 22. dxe6 Qb4 23. exf7+ Rxf7 24. Qc1 h6 25. Bc5 Qb7 26. h4 Qc6 27. g3 Nd5 28. Qa3 Nf6 29. Bd4 Qd5 30. Qa4 Ng4 31. Re8+ Kh7 32. Qc2+ Qf5 33. Qxf5+ Rxf5 34. Re7 Nf6 35. Be5 Kg8 36. f4 g5 37. fxg5 hxg5 38. h5 Nxh5 39. g4 1-0

[Event "45th Olympiad 2024"]
[Site "Budapest HUN"]
[Date "2024.09.18"]
[Round "7.10"]
[Board "2"]
[White "Wojtaszek, Radoslaw"]
[Black "Shevchenko, Kirill"]
[Result "1/2-1/2"]
[WhiteElo "2681"]
[BlackElo "2673"]
[PlyCount "60"]
[EventDate "2024.09.11"]
[WhiteTeam "Poland"]
[BlackTeam "Romania"]
[WhiteTeamCountry "POL"]
[BlackTeamCountry "ROU"]

1. d4 Nf6 2. c4 c6 3. Nc3 d5 4. Nf3 e6 5. e3 Nbd7 6. Qc2 Bd6 7. Bd3 O-O 8. O-O dxc4 9. Bxc4 e5 10. h3 Qe7 11. a3 e4 12. Ng5 Nb6 13. Bb3 ({RR} 13. Ba2 Bf5 14. f3 Nbd5 15. fxe4 Nxc3 16. Rxf5 Ncxe4 17. Nxe4 Nxe4 18. Bd2 g6 19. Rf3 Kg7 20. Raf1 f5 21. Qd3 h5 22. Bb1 Rae8 23. b4 Bb8 24. Be1 Qd6 25. g3 Ng5 26. h4 Nxf3+ 27. Rxf3 Qd5 {0-1 Drygalov,S (2547)-Grischuk,A (2732) Chessable Masters Play-In 2024 (8)}) 13... Bf5 14. f3 Nbd5 $146 ({RR} 14... Rae8 15. fxe4 Nxe4 16. Nxf7 Rxf7 17. Rxf5 Nf6 18. e4 Nbd5 19. Bg5 Nxc3 20. bxc3 Qxe4 21. Qxe4 Rxe4 22. Bxf6 gxf6 23. Rxf6 {1-0 Komljenovic,D (2465)-Ruiz Sanchez,A Linares Anibal op 02nd 1995}) 15. Ngxe4 Nxc3 16. Nxf6+ Qxf6 17. Qxc3 c5 18. dxc5 Be5 19. Qd2 Rad8 20. Qf2 Qg6 21. g4 h5 22. Qg2 Bd3 23. Re1 b6 24. c6 hxg4 25. hxg4 Qxc6 26. e4 Qb5 27. Bd5 Rc8 28. a4 Qa6 29. Bb3 Bc4 30. Bc2 Bd3 1/2-1/2

[Event "45th Olympiad 2024"]
[Site "Budapest HUN"]
[Date "2024.09.18"]
[Round "7.10"]
[Board "3"]
[White "Lupulescu, Constantin"]
[Black "Piorun, Kacper"]
[Result "1/2-1/2"]
[WhiteElo "2590"]
[BlackElo "2599"]
[PlyCount "88"]
[EventDate "2024.09.11"]
[WhiteTeam "Romania"]
[BlackTeam "Poland"]
[WhiteTeamCountry "ROU"]
[BlackTeamCountry "POL"]

1. d4 e6 2. Nf3 Nf6 3. Bf4 d5 4. e3 c5 5. Nbd2 Nc6 6. c3 h6 7. Bd3 Bd6 ({RR} 7... Nh5 8. Be5 a6 9. O-O Nxe5 10. Nxe5 Nf6 11. f4 Bd6 12. f5 exf5 13. Bxf5 O-O 14. Qf3 Qe7 15. Bxc8 Raxc8 16. Nd3 Rfe8 17. Rae1 Ne4 18. Qe2 c4 19. Nf4 Nxd2 20. Qxd2 Qg5 21. Qd1 Re4 22. Qf3 {1-0 Mezentsev,I (2354)-Ponkratov,P (2623) Titled Tuesday intern op 01st Dec blitz 2020 (3)}) 8. Bg3 Nh5 ({RR} 8... O-O 9. Qe2 Re8 10. Ne5 a5 11. a4 Rb8 12. O-O Qc7 13. f4 Nd7 14. Bh4 Be7 15. Qh5 Ndxe5 16. fxe5 Bxh4 17. Qxh4 Qb6 18. Rf2 c4 19. Raf1 Nd8 20. Bc2 Kh8 21. Rf6 Qc7 22. Rxh6+ gxh6 23. Qxh6+ {1-0 Akbas,U (2452)-Rouda Essa,A (1963) 30th Abu Dhabi Masters 2024 (5.67)}) 9. Be5 $146 ({RR} 9. Bxd6 Qxd6 10. dxc5 Qxc5 11. Nd4 Nf6 12. O-O Bd7 13. N2f3 O-O 14. Bc2 Rfe8 15. Nxc6 bxc6 16. Ne5 Qd6 17. f4 Bc8 18. Ba4 Bb7 19. g4 Ne4 20. Bc2 f6 21. Nc4 Qc5 22. Bxe4 Qxc4 23. Bg6 Re7 {0-1 Acosta Cruz,O (2098)-Alvarez Albiol,V (2159) Titled Tue 12th Sep Late 2023 (11)}) 9... Qc7 10. Bb5 Bd7 11. Bxc6 Bxc6 12. O-O Nf6 13. Qe2 O-O 14. Rfd1 Rfd8 15. Bxf6 gxf6 16. e4 cxd4 17. cxd4 dxe4 18. Nxe4 Be7 19. Nc3 Qa5 20. Rd3 Qh5 21. Rad1 Bd5 22. Nxd5 Rxd5 23. Rb3 b5 24. Rc1 Rad8 25. Rbc3 Bd6 26. g3 a5 27. Rc8 Bf8 28. Rxd8 Rxd8 29. Qe4 f5 30. Qb7 f4 31. Kg2 fxg3 32. hxg3 Qd5 33. Qxd5 Rxd5 34. Rc8 Kg7 35. Kf1 Bd6 36. Ke2 h5 37. Ra8 a4 38. Ra7 Kf8 39. Ra8+ Ke7 40. Ra7+ Ke8 41. Ke3 Kf8 42. Ke4 Ke8 43. Ke3 Kf8 44. Ke4 Ke8 1/2-1/2

[Event "45th Olympiad 2024"]
[Site "Budapest HUN"]
[Date "2024.09.18"]
[Round "7.10"]
[Board "4"]
[White "Gumularz, Szymon"]
[Black "Nisipeanu, Liviu-Dieter"]
[Result "0-1"]
[WhiteElo "2571"]
[BlackElo "2580"]
[PlyCount "110"]
[EventDate "2024.09.11"]
[WhiteTeam "Poland"]
[BlackTeam "Romania"]
[WhiteTeamCountry "POL"]
[BlackTeamCountry "ROU"]

1. d4 Nf6 2. c4 e6 3. Nc3 Bb4 4. e3 O-O 5. Bd3 c5 6. Nf3 b6 7. O-O Bb7 8. Na4 cxd4 9. exd4 Re8 10. a3 Bf8 11. b4 d6 12. Re1 Nbd7 13. Bf4 ({RR} 13. Bb2 a5 14. Bf1 g6 15. Nc3 axb4 16. axb4 Rxa1 17. Bxa1 e5 18. Nb5 Bc6 19. dxe5 dxe5 20. Nxe5 Bxb5 21. cxb5 Nxe5 22. Qxd8 Rxd8 23. Bxe5 Re8 24. Re2 Nd7 25. Bd4 Rxe2 26. Bxe2 Bxb4 27. Bg4 Bc5 {½-½ Ponomariov,R (2654)-Jumabayev,R (2565) CrunchLabs Masters PlayIn 2024 (8)}) 13... a5 14. b5 Rc8 15. Nd2 $146 ({RR} 15. h3 h6 16. Bh2 d5 17. Nd2 Ne4 18. Nxe4 dxe4 19. Bxe4 Bxe4 20. Rxe4 Nf6 21. Re2 Rxc4 22. Be5 Nd7 23. Qb3 Rc8 24. Rc2 Rxc2 25. Qxc2 Nxe5 26. dxe5 Qd4 27. Rd1 Qxe5 28. Qc6 Rb8 29. Nxb6 Qe2 {½-½ Torres Rosas,L (2334)-Shimanov,A (2642) USA-chT College final 2017 (1.1)}) 15... d5 16. Qb3 dxc4 17. Nxc4 Nh5 18. Be3 Bd5 19. Rac1 Qh4 20. Qd1 Nhf6 21. g3 Qh3 22. Bf1 Qf5 23. Naxb6 Nxb6 24. Nxb6 Bf3 25. Qb3 Be4 26. Bg2 Rxc1 27. Rxc1 Bxg2 28. Kxg2 Rb8 29. Rc6 a4 30. Qc4 Qe4+ 31. Kg1 Qb1+ 32. Qf1 Qb3 33. Bf4 Rd8 34. Qc4 Qd1+ 35. Qf1 Qb3 36. Qc4 Qd1+ 37. Kg2 Rxd4 38. Qc2 Qh5 39. Be3 Rd8 40. Bc5 Ng4 41. h3 Ne5 42. g4 Qh4 43. Rc8 Rxc8 44. Nxc8 h5 45. Bd4 Ng6 46. Qe4 hxg4 47. hxg4 e5 48. Be3 Nf4+ 49. Bxf4 Qxg4+ 50. Kf1 exf4 51. Qe8 Qh3+ 52. Ke2 Qxa3 53. b6 f3+ 54. Kd2 Qb4+ 55. Kd3 a3 0-1

[Event "45th Olympiad 2024"]
[Site "Budapest HUN"]
[Date "2024.09.18"]
[Round "7.11"]
[Board "1"]
[White "Grandelius, Nils"]
[Black "Keymer, Vincent"]
[Result "1/2-1/2"]
[WhiteElo "2653"]
[BlackElo "2730"]
[PlyCount "101"]
[EventDate "2024.09.11"]
[WhiteTeam "Sweden"]
[BlackTeam "Germany"]
[WhiteTeamCountry "SWE"]
[BlackTeamCountry "GER"]

1. e4 c5 2. Nf3 d6 3. Bb5+ Nd7 4. O-O a6 5. Bd3 Ngf6 6. c3 b5 7. Bc2 Bb7 8. Re1 c4 9. a4 e6 10. axb5 axb5 11. Rxa8 Qxa8 12. Na3 Bxe4 13. Bxe4 Nxe4 14. d3 cxd3 15. Nxb5 Qb7 16. c4 d5 17. cxd5 exd5 18. Qb3 Ndc5 19. Qxd5 Qxd5 20. Nc7+ Kd7 21. Nxd5 Bd6 22. b4 Nb3 23. Rxe4 Nxc1 24. Re1 Ne2+ $146 ({RR} 24... Na2 25. Rd1 Nxb4 26. Nxb4 Bxb4 27. Rxd3+ Bd6 28. Ne5+ Ke6 29. Nxf7 Bxh2+ 30. Kxh2 Kxf7 31. Rf3+ Kg6 32. Rg3+ Kf7 33. Rf3+ Kg6 34. Rg3+ Kf7 35. Rf3+ {½-½ Goganov,A (2534)-Rozum,I (2512) Russian Cup Final 2022 (1.1)}) 25. Kf1 Ke6 26. Rd1 Kxd5 27. Rxd3+ Kc6 28. b5+ Kc5 29. Kxe2 Re8+ 30. Kf1 f6 31. g3 Bf8 32. Nd4 g6 33. Re3 Rxe3 34. fxe3 Bd6 35. Ke2 Be5 36. Ne6+ Kxb5 37. Nf8 Bd6 38. Nxh7 Be7 39. Kf3 Kc6 40. g4 Kd5 41. h4 Ke6 42. e4 Ke5 43. Ke3 Bc5+ 44. Kf3 Be7 45. g5 f5 46. exf5 Kxf5 47. Nf6 Bxf6 48. gxf6 Kxf6 49. Kg4 Kg7 50. h5 gxh5+ 51. Kxh5 1/2-1/2

[Event "45th Olympiad 2024"]
[Site "Budapest HUN"]
[Date "2024.09.18"]
[Round "7.11"]
[Board "2"]
[White "Bluebaum, Matthias"]
[Black "Hillarp Persson, Tiger"]
[Result "1-0"]
[WhiteElo "2640"]
[BlackElo "2457"]
[PlyCount "81"]
[EventDate "2024.09.11"]
[WhiteTeam "Germany"]
[BlackTeam "Sweden"]
[WhiteTeamCountry "GER"]
[BlackTeamCountry "SWE"]

1. d4 Nf6 2. c4 e6 3. Nc3 Bb4 4. e3 O-O 5. Bd2 d5 6. Nf3 a6 7. Rc1 dxc4 8. Bxc4 b5 9. Bd3 Bb7 10. Ne4 $146 ({RR} 10. a3 Bxc3 11. Bxc3 Nbd7 12. Qc2 Rc8 13. b4 Re8 14. e4 e5 15. dxe5 Ng4 16. Rd1 Qe7 17. Be2 c5 18. Qb2 Bxe4 19. O-O Ngxe5 20. Nxe5 Nxe5 21. f4 Nc4 22. Bxc4 bxc4 23. Bxg7 Bd3 24. Rf3 Qe2 {0-1 Bluebaum,M (2664)-Adla,D (2407) Titled Tuesday intern op 23rd Aug Early blitz 2022 (7)}) ({RR} 10. a3 Be7 11. b4 Nbd7 12. e4 c5 13. e5 cxd4 14. Ne2 Ng4 15. Bf4 Bxf3 16. gxf3 Ngxe5 17. Nxd4 Bg5 18. Be3 Bxe3 19. fxe3 Qh4+ 20. Ke2 Rac8 21. Qe1 Qh5 22. Qg3 Nxd3 23. Kxd3 Ne5+ 24. Ke2 Nc4 {0-1 Bluebaum,M (2655)-Anton Guijarro,D (2670) Titled Tue 23rd Jan Late 2024 (8)}) ({RR} 10. O-O Nbd7 11. Qe2 c5 12. a3 Bxc3 13. bxc3 c4 14. Bb1 Ne4 15. Be1 Qe7 16. Qb2 Nb6 17. Bxe4 Bxe4 18. Nd2 Bd3 19. f3 Bxf1 20. Nxf1 e5 21. e4 Na4 22. Qa2 exd4 23. cxd4 Rfd8 24. d5 c3 {0-1 Valenzuela Gomez,F (2320)-Rustamov,R (2261) Titled Tue 20th Feb Early 2024 (2)}) 10... Bxd2+ 11. Nexd2 Nbd7 12. O-O Rc8 13. e4 c5 14. e5 Nd5 15. Ne4 c4 16. Bb1 f5 17. exf6 N7xf6 18. Nc5 Qb6 19. Qd2 Rxc5 20. dxc5 Qxc5 21. Rfe1 Qc7 22. Ne5 Ba8 23. Qd4 Rd8 24. Qh4 h6 25. h3 Rf8 26. Qg3 Qb6 27. Nf3 Nh5 28. Qe5 Ndf4 29. Re3 Rd8 30. Be4 Bxe4 31. Qxe4 Nd3 32. Rc2 Rd6 33. Qa8+ Rd8 34. Rxe6 Qxe6 35. Qxd8+ Kh7 36. Qh4 Qe8 37. Qg4 Nhf4 38. Kh2 Qe4 39. Rd2 g5 40. Qxg5 Nd5 41. Qh5 1-0

[Event "45th Olympiad 2024"]
[Site "Budapest HUN"]
[Date "2024.09.18"]
[Round "7.11"]
[Board "4"]
[White "Svane, Frederik"]
[Black "Pantzar, Milton"]
[Result "1-0"]
[WhiteElo "2640"]
[BlackElo "2437"]
[PlyCount "109"]
[EventDate "2024.09.11"]
[WhiteTeam "Germany"]
[BlackTeam "Sweden"]
[WhiteTeamCountry "GER"]
[BlackTeamCountry "SWE"]

1. e4 e5 2. Nf3 Nc6 3. Bc4 Nf6 4. d3 Be7 5. Nc3 d6 6. a3 O-O 7. O-O h6 8. h3 Re8 9. Be3 Bf8 10. Nh2 ({RR} 10. Re1 Ne7 11. d4 exd4 12. Bxd4 Nc6 13. e5 Nxd4 14. Qxd4 dxe5 15. Qxd8 Rxd8 16. Nxe5 Be6 17. Bxe6 fxe6 18. Nc4 Rd4 19. Na5 Rd2 20. Re2 Rxe2 21. Nxe2 Rd8 22. Kf1 Rd5 23. Nb3 Ne4 24. Nf4 Rf5 {0-1 Topalov,V (2728)-Carlsen,M (2864) Zagreb SuperUnited Blitz 2022 (2)}) 10... Ne7 $146 ({RR} 10... Be6 11. Bxe6 Rxe6 12. Nd5 Ne7 13. c4 c6 14. Nxf6+ Rxf6 15. f4 exf4 16. Bd4 Re6 17. Rxf4 d5 18. exd5 cxd5 19. c5 Nc6 20. Bf2 a5 21. d4 a4 22. Qf3 Qd7 23. Rf1 Rae8 24. Bh4 f6 25. Qg4 {0-1 Misailovic,N (2323)-Sorgic,D (2220) SRB-ch Central 2015 (7)}) ({RR} 10... Be6 11. Bxe6 Rxe6 12. Nd5 Ne7 13. c4 c6 14. Nxf6+ Rxf6 15. h4 d5 16. h5 Qd7 17. Ng4 Re6 18. Qf3 f6 19. Bc5 f5 20. cxd5 cxd5 21. exf5 Nxf5 22. Qxf5 Bxc5 23. Nxe5 Qd6 24. Rae1 Rf8 25. Nf7 {½-½ Aryan,C (2630)-Ponomariov,R (2646) 57th Capablanca Mem Elite 2024 (4.1)}) 11. Qf3 Ng6 12. Ng4 Bxg4 13. hxg4 c6 14. g5 hxg5 15. Bxg5 Be7 16. Nd1 Nf8 17. Ne3 Ne6 18. Bxe6 fxe6 19. Bxf6 Bxf6 20. g3 Bg5 21. Ng4 Rf8 22. Qe2 g6 23. Kg2 Kg7 24. Qe1 Qe7 25. Qc3 Bf6 26. a4 c5 27. a5 Rac8 28. Rh1 Rh8 29. Rxh8 Rxh8 30. b4 Rc8 31. Rb1 Rc7 32. bxc5 Rxc5 33. Qb2 Rc7 34. Rh1 Qd8 35. f4 Rf7 36. fxe5 dxe5 37. Rf1 Qc7 38. Qc1 g5 39. Nxf6 Rxf6 40. Qxg5+ Rg6 41. Qd2 Kg8 42. Rf2 Qc5 43. Qe2 Qe7 44. Qe3 Qg7 45. Rf3 Qc7 46. Qf2 Kg7 47. c4 a6 48. Rf8 Qd7 49. Rb8 Rf6 50. Qe3 Kg6 51. Qe2 Qf7 52. Qg4+ Kh7 53. Qh3+ Kg6 54. Rh8 Rf2+ 55. Kg1 1-0

[Event "45th Olympiad 2024"]
[Site "Budapest HUN"]
[Date "2024.09.18"]
[Round "7.12"]
[Board "1"]
[White "Suleymanli, Aydin"]
[Black "Makhnev, Denis"]
[Result "1-0"]
[WhiteElo "2632"]
[BlackElo "2551"]
[PlyCount "93"]
[EventDate "2024.09.11"]
[WhiteTeam "Azerbaijan"]
[BlackTeam "Kazakhstan"]
[WhiteTeamCountry "AZE"]
[BlackTeamCountry "KAZ"]

1. e4 e5 2. Nf3 Nc6 3. Bb5 a6 4. Ba4 Nf6 5. O-O Bc5 6. c3 O-O 7. d4 Ba7 8. Bg5 h6 9. Bh4 exd4 ({RR} 9... d6 10. Bxc6 bxc6 11. dxe5 dxe5 12. Nxe5 Qe7 13. Nxc6 Qxe4 14. Nxa7 Bh3 15. gxh3 Rfd8 16. Nd2 Qxh4 17. Qf3 Rxa7 18. Nb3 c5 19. Qg3 Qh5 20. Rae1 Rd5 21. f4 Rad7 22. Re5 Rxe5 23. fxe5 Ne4 24. Qg4 {½-½ Vachier Lagrave,M (2784)-Van Foreest,J (2671) Tata Steel 83rd 2021 (8)}) 10. Re1 d6 ({RR} 10... b5 11. Bb3 d6 12. Bd5 Bd7 13. Nxd4 Nxd4 14. Bxa8 Ne6 15. Bd5 g5 16. Bg3 h5 17. h3 h4 18. Bh2 g4 19. Kh1 Ng5 20. Bf4 Nh5 21. Qd2 Nxh3 22. Be3 Bxe3 23. Rxe3 Ng5 24. e5 Nf4 25. exd6 {0-1 Yakubboev,N (2665)-Pranesh,M (2537) Dubai Police Open A 2024 (8.10)}) 11. Nxd4 Ne5 12. Bg3 $146 ({RR} 12. h3 b5 13. Bc2 Bb7 14. Nd2 Re8 15. f4 Ng6 16. Bg3 Qd7 17. Kh2 Rad8 18. a4 c5 19. Nf5 Bb8 20. axb5 axb5 21. Re3 d5 22. e5 d4 23. cxd4 Nd5 24. Rea3 cxd4 25. Qg4 Ne3 26. Nxe3 dxe3 {½-½ Fedoseev,V (2671)-Vitiugov,N (2728) RUS-ch 72nd Izhevsk 2019 (4)}) 12... Bg4 13. Qd2 Nh5 14. Bd1 Nxg3 15. hxg3 h5 16. Na3 Re8 17. Nac2 Nc4 18. Qc1 Bxd1 19. Qxd1 g6 20. b3 Ne5 21. Qd2 Ng4 22. Qf4 Qf6 23. f3 Qxf4 24. gxf4 Nf6 25. g3 d5 26. e5 Nd7 27. Kg2 Rad8 28. Rad1 c6 29. b4 Nb6 30. f5 Na4 31. Rd3 Rc8 32. fxg6 fxg6 33. f4 c5 34. Nf3 cxb4 35. Nxb4 Rxc3 36. Rd2 Nb6 37. Nxd5 Nxd5 38. Rxd5 Bc5 39. Rd7 Rc2+ 40. Kh3 Rc3 41. Rf1 Re7 42. Rd8+ Kg7 43. Ng5 Rc2 44. Rc8 Rc4 45. Rd1 Rd4 46. Rb1 Bb4 47. Rb3 1-0

[Event "45th Olympiad 2024"]
[Site "Budapest HUN"]
[Date "2024.09.18"]
[Round "7.12"]
[Board "2"]
[White "Nogerbek, Kazybek"]
[Black "Abasov, Nijat"]
[Result "1/2-1/2"]
[WhiteElo "2519"]
[BlackElo "2626"]
[PlyCount "65"]
[EventDate "2024.09.11"]
[WhiteTeam "Kazakhstan"]
[BlackTeam "Azerbaijan"]
[WhiteTeamCountry "KAZ"]
[BlackTeamCountry "AZE"]

1. d4 Nf6 2. c4 e6 3. Nf3 d5 4. Nc3 dxc4 5. e4 Bb4 6. Bg5 b5 7. a4 c5 8. axb5 cxd4 9. Nxd4 h6 10. Be3 Nxe4 11. Rc1 ({RR} 11. Qc2 Bb7 12. Bxc4 Qc7 13. Qb3 Bxc3+ 14. bxc3 O-O 15. O-O Rc8 16. Bd3 Nc5 17. Qb1 Nxd3 18. Qxd3 Nd7 19. Qe2 Nb6 20. Qg4 Kh7 21. Bf4 Qc5 22. Rfe1 Nc4 23. Rad1 Rd8 24. Rd3 Qe7 25. Nc6 Bxc6 {1-0 Ding,L (2805)-Carlsen,M (2882) Saint Louis Rapid 2019 (1)}) 11... e5 $146 ({RR} 11... O-O 12. Bxc4 Nxc3 13. bxc3 Ba3 14. Rb1 Qc7 15. Bd3 e5 16. Ne2 Bb7 17. Ng3 Rd8 18. Qc2 Nd7 19. O-O Bc5 20. Nh5 Bf8 21. Bf5 Nb6 22. Rbd1 Qc4 23. Bd3 Qg4 24. Ng3 Bd5 25. h3 Qc8 26. Rfe1 {1-0 Goryachkina,A (2545)-Goltseva,E (2366) 74th ch-RUS w 2024 (3.4)}) ({RR} 11... Bb7 12. Bxc4 O-O 13. O-O Bxc3 14. bxc3 a6 15. b6 Qc8 16. Bd3 Nd7 17. c4 Nec5 18. Bb1 Nxb6 19. Qh5 f5 20. Bxh6 Qe8 21. Qg5 Rf7 22. Qg3 Rd8 23. Rcd1 Nxc4 24. Bg5 Rdd7 25. f3 Nb2 26. Rd2 {0-1 Martirosyan,H (2667)-Duda,J (2733) FIDE World Bl Team Final 2024 (3.2)}) 12. Nf3 Qxd1+ 13. Kxd1 Bxc3 14. bxc3 Nd6 15. Nxe5 Be6 16. Rb1 f6 17. Nf3 Nd7 18. Nd4 Bd5 19. f3 Kf7 20. Bf4 Ne5 21. Be2 Rhb8 22. Kc2 a6 23. bxa6 Rxb1 24. Rxb1 Rxa6 25. Rb8 Ke7 26. h4 Ra2+ 27. Kb1 Ra6 28. h5 Bf7 29. g4 Bd5 30. Bg3 Kf7 31. Bf4 Ke7 32. Bg3 Kf7 33. Bf4 1/2-1/2

[Event "45th Olympiad 2024"]
[Site "Budapest HUN"]
[Date "2024.09.18"]
[Round "7.12"]
[Board "3"]
[White "Mamedov, Rauf"]
[Black "Suleymenov, Alisher"]
[Result "1/2-1/2"]
[WhiteElo "2637"]
[BlackElo "2484"]
[PlyCount "94"]
[EventDate "2024.09.11"]
[WhiteTeam "Azerbaijan"]
[BlackTeam "Kazakhstan"]
[WhiteTeamCountry "AZE"]
[BlackTeamCountry "KAZ"]

1. c4 e6 2. g3 d5 3. Bg2 d4 4. b4 ({RR} 4. Nf3 c5 5. e3 Nc6 6. exd4 cxd4 7. O-O Nf6 8. d3 Bd6 9. Bg5 h6 10. Bxf6 Qxf6 11. Nbd2 Qe7 12. a3 a5 13. Ne4 Bc7 14. b4 axb4 15. axb4 Rxa1 16. Qxa1 Qxb4 17. Rb1 Qe7 18. Nxd4 Nxd4 {½-½ Matlakov,M (2716)-Lupulescu,C (2643) FIDE Chess.com Grand Swiss 2019 (4)}) 4... e5 5. Bb2 c5 $146 ({RR} 5... Nf6 6. Nf3 Nbd7 7. Qa4 b5 8. Qa5 Bb7 9. O-O Rb8 10. Rc1 bxc4 11. Rxc4 Bd5 12. Rc2 Rb7 13. Ba3 Qb8 14. Nxe5 Nxe5 15. Bxd5 Rb5 16. Bxf7+ Nxf7 17. Qxc7 Bd6 18. Qxb8+ Rxb8 19. Rc4 Ke7 20. b5 {0-1 Horvath,R (1872)-Antal,T (2329) HUN-chT U18 Budapest 2012 (1.2)}) ({RR} 5... Nd7 6. c5 a5 7. a3 axb4 8. axb4 Rxa1 9. Bxa1 b6 10. c6 Ndf6 11. Nf3 Bd6 12. Qa4 Be6 13. e3 Ne7 14. exd4 e4 15. Ng5 Bc4 16. b5 Bd3 17. Nc3 Ned5 18. Qb3 Be7 19. Ncxe4 Nxe4 20. Bxe4 {1-0 Haldorsen,B (2419)-Atanasov,A (2417) 1000GM Memorial Day 2024 (5.6)}) 6. bxc5 Bxc5 7. d3 Nc6 8. Nf3 Nf6 9. O-O O-O 10. Nbd2 h6 11. Nb3 Bb6 12. Nfd2 Re8 13. Ba3 Bf5 14. Qc2 Qd7 15. Rfe1 Rad8 16. c5 Bc7 17. Nc4 Rc8 18. Nbd2 Bh3 19. Bf3 Bg4 20. Rab1 Bxf3 21. exf3 Na5 22. Ne4 Nxe4 23. fxe4 b5 24. Nxa5 Bxa5 25. Rec1 Bc3 26. Qb3 Rb8 27. Bb4 Bxb4 28. Qxb4 Rec8 29. Qa5 Rb7 30. a4 bxa4 31. Rxb7 Qxb7 32. Qxa4 Rc6 33. Kg2 Qc7 34. Qc4 a5 35. h4 h5 36. Qb5 g6 37. Qc4 Kh7 38. Qa2 Kg8 39. Qc4 Kh7 40. Qd5 a4 41. Qa2 Kg7 42. Qxa4 Rxc5 43. Rxc5 Qxc5 44. Qe8 Kf6 45. Qd8+ Ke6 46. Qe8+ Kf6 47. Qd8+ Ke6 1/2-1/2

[Event "45th Olympiad 2024"]
[Site "Budapest HUN"]
[Date "2024.09.18"]
[Round "7.12"]
[Board "4"]
[White "Zhalmakhanov, Ramazan"]
[Black "Muradli, Mahammad"]
[Result "0-1"]
[WhiteElo "2497"]
[BlackElo "2576"]
[PlyCount "126"]
[EventDate "2024.09.11"]
[WhiteTeam "Kazakhstan"]
[BlackTeam "Azerbaijan"]
[WhiteTeamCountry "KAZ"]
[BlackTeamCountry "AZE"]

1. e4 c5 2. Nf3 d6 3. d4 cxd4 4. Nxd4 Nf6 5. Nc3 a6 6. h3 e5 7. Nb3 Be7 8. g4 h6 9. Be3 b5 10. Nd5 Bb7 11. Bb6 Qc8 12. Nc7+ Kf8 13. f3 Nbd7 14. Nxa8 d5 $146 ({RR} 14... Qxa8 15. Be3 Bxe4 16. Be2 Bg6 17. Bf2 Nd5 18. Bd3 Bxd3 19. cxd3 h5 20. gxh5 N5b6 21. Nc1 Nd5 22. Nb3 N5b6 23. Nc1 Nd5 24. Nb3 N5b6 {½-½ Saypuri,S (2199)-Szalay Ocsak,B (2129) Budapest FS09 IM 2022 (9)}) ({RR} 14... Qxa8 15. Bf2 Bxe4 16. Be2 Bg6 17. O-O Nd5 18. h4 h5 19. g5 Nf4 20. Bg3 Qa7+ 21. Kh2 Qe3 22. Re1 Nxe2 23. Qxe2 Qxe2+ 24. Rxe2 f6 25. f4 Bf5 26. c3 Kf7 27. a4 Rb8 28. axb5 axb5 29. Ra7 {0-1 Wong,A (1757)-Rozum,I (2466) Asian Rapid Teams 2024 (1.19)}) ({RR} 14... Qxa8 15. Bf2 Bxe4 16. Be2 Bg6 17. O-O Nd5 18. h4 f6 19. c4 Nf4 20. h5 Bf7 21. cxb5 Nxe2+ 22. Qxe2 axb5 23. Nd2 Bd5 24. Qxb5 Bc6 25. Qd3 d5 26. Rfc1 e4 27. Qc3 Bb7 28. fxe4 dxe4 29. Nc4 {1-0 Sokolovsky,Y (2415)-Bjerre,J (2550) Kramnik Challenge rapid 2021 (11)}) 15. exd5 Nxd5 16. Bf2 Qxa8 17. Rg1 g6 18. c3 Kg7 19. Na5 Rd8 20. Nxb7 Qxb7 21. Qc2 b4 22. O-O-O bxc3 23. Bc4 cxb2+ 24. Kb1 N7f6 25. Qb3 Qc6 26. Bg3 e4 27. Be5 Nb6 28. Bxf7 exf3 29. Rxd8 Bxd8 30. Bxb2 Qe4+ 31. Ka1 Na4 32. Bd5 f2 33. Rc1 Qe1 34. Bc4 Nxb2 35. Qxb2 Bc7 36. Kb1 Qe4+ 37. Qc2 Qf4 38. Rd1 Be5 39. Qb3 h5 40. gxh5 Nxh5 41. Bd3 Ng3 42. Qc4 Qf3 43. Kc2 a5 44. Qe6 Bf6 45. Qg4 Qc6+ 46. Qc4 Qd6 47. Qg4 Qc5+ 48. Qc4 Qe5 49. Rb1 Kh6 50. Rb5 Qe3 51. Rb1 a4 52. Qf7 Ne4 53. Qf8+ Kh5 54. Qb4 Bc3 55. Qb5+ Kh6 56. Rd1 Bf6 57. Qc4 Nc5 58. Bf1 Ne6 59. Bd3 Qe5 60. Kd2 Bg5+ 61. Kc2 Nd4+ 62. Kb1 Qb8+ 63. Ka1 Nc2+ 0-1